| 000 | 01205nam a2200313 a 4500 | ||
|---|---|---|---|
| 003 | DO-SdBNP | ||
| 005 | 20260305073959.0 | ||
| 007 | ta | ||
| 008 | 100901t2019 dr r 000 0bspa d | ||
| 020 | _a9789945007282 | ||
| 040 |
_aDO-SdBNP _bspa _cBNPHU |
||
| 082 | 4 |
_a923.27293 _bD812b, 2019 _222 |
|
| 245 | 1 | 3 |
_aEl Cristo de la libertad / _cJoaquín Balaguer ; edición al cuidado de Cándido Gerón ; prólogo Dr. Jorge Tenas Reyes. |
| 250 | _a10.º ed. | ||
| 260 |
_aSanto Domingo : _bFundación Joaquín Balaguer, _bBúho, _c2019. |
||
| 300 |
_a206 p. : _bil., retrs. ; _c23 cm. |
||
| 500 | _aIncluye datos biográficos del autor en las solapas | ||
| 500 | _aIncluye notas al pie de páginas. | ||
| 500 | _aIncluye índice onomástico | ||
| 504 | _aBibliografía : p. 185-198 | ||
| 590 | _aInventariado, 2022 / LP | ||
| 600 | 1 | 0 |
_aDuarte, Juan Pablo, _d1813-1876 _91494 |
| 650 | 4 |
_aEstadístas _zRepública Dominicana _vBiografías _945404 |
|
| 651 | 1 | 0 |
_aRepública Dominicana -- _xHistoria -- _y1844-1930 _91009 |
| 700 | 1 |
_aGerón, Candido, _d1948- _eedi. _93577 |
|
| 700 | 1 |
_aTenas Reyes, Jorge, _epról. _954454 |
|
| 910 | _aLopérez./Validado.Control de calidad MFF | ||
| 942 |
_2ddc _cLBS1 |
||
| 999 |
_c51281 _d51281 |
||